Former and current communist countries - Statistics

General Stats
  • This quiz has been taken 506 times
  • The average score is 18 of 27
Answer Stats
Answer % Correct
USSR
98%
China
96%
Cuba
95%
Vietnam
94%
North Korea
92%
Laos
88%
Poland
85%
Romania
85%
Yugoslavia
85%
Cambodia
83%
Hungary
82%
Bulgaria
81%
Czechoslovakia
80%
East Germany
77%
Albania
72%
Mongolia
71%
Angola
63%
Afghanistan
57%
Ethiopia
56%
Mozambique
55%
Republic of the Congo
52%
Somalia
49%
South Yemen
41%
Grenada
37%
Benin
33%
Madagascar
16%
Tannu-Tuva
7%
No matching quizzes found
Score Distribution
Percent of People with Each Score
Percentile by Number Answered
Your Score History
You have not taken this quiz